The natives of Sarawak and British North Borneo, volume I

Bibliographic Details
Main Author: Roth 1855-1925
Format: Book
Published: Kuala Lumpur : University of Malaya Press , 1968, 1980
Subjects:

MARC

LEADER 00000cam a2200000 7i4500
001 0000000309
005 20000729.0
090 0 0 |a MR915.95406992   |b ROT 1980 
100 1 0 |a Roth   |h Henry Ling   |c 1855-1925 
245 1 4 |a The natives of Sarawak and British North Borneo, volume I   |c by Henry Ling Roth 
260 0 0 |a Kuala Lumpur :   |b University of Malaya Press ,   |c 1968, 1980 
300 |a xxxii, 494 p. :   |b ill., folded map ;   |c 26 cm. 
650 0 0 |a Dayak (Indonesian people)   |x Sarawak 
650 0 0 |a Ethnology   |z North Borneo 
650 0 0 |a Ethnology   |z Sarawak 
999 |a 0000001477   |b Monograph   |c Reference   |e Default branch